[Event "Nationale I Jeune, Suce sur Erdre"]
[Site "?"]
[Date "1998.??.??"]
[Round "?"]
[White "Thibaud, Corentin"]
[Black "Pottier, Alexandre"]
[Result "0-1"]
[WhiteElo "2550"]
[BlackElo "2760"]
[PlyCount "54"]
[EventDate "1998.??.??"]
[Source "www.chesslib.no"]
[SourceDate "2004.05.04"]

1. e4 c5 2. Nf3 Nc6 3. d4 cxd4 4. Nxd4 g6 5. Nc3 Bg7 6. Be3 Nf6 7. Be2 O-O 8. O-O d6 9. f4 Bd7 10. f5 Ne5 11. h3 Rc8 12. fxg6 hxg6 13. Qd2 Nc4 14. Bxc4 Rxc4 15. Bh6 Bxh6 16. Qxh6 Rxd4 17. Rf4 Qb6 18. Kh2 Nh5 19. Rh4 d5 20. Nxd5 Qd6+ 21. Kg1 Qc5 22. Kh2 Qd6+ 23. Kg1 Qe5 24. Re1 Rxd5 25. c3 Qg3 26. exd5 Qxe1+ 27. Kh2 Qxh4 0-1

[Event "Novgorod"]
[Site "?"]
[Date "1995.??.??"]
[Round "?"]
[White "Timman, Jan Hein"]
[Black "Topalov, Veselin"]
[Result "1/2-1/2"]
[WhiteElo "2635"]
[BlackElo "2630"]
[PlyCount "21"]
[EventDate "1995.??.??"]
[Source "www.chesslib.no"]
[SourceDate "2004.05.04"]

1. e4 c5 2. Nc3 Nc6 3. Nf3 g6 4. d4 cxd4 5. Nxd4 Bg7 6. Be3 d6 7. Be2 Nf6 8. O-O O-O 9. Qd2 Ng4 10. Bxg4 Bxg4 11. Nxc6 1/2-1/2

[Event "Skopje op 18th"]
[Site "Skopje"]
[Date "2002.01.16"]
[Round "2"]
[White "Galego, Luis"]
[Black "Georgiev, Kiril"]
[Result "1/2-1/2"]
[WhiteElo "2521"]
[BlackElo "2655"]
[PlyCount "163"]
[EventDate "2002.01.15"]
[Source "ChessBase"]
[SourceDate "2002.03.21"]

1. e4 c5 2. Nf3 d6 3. d4 cxd4 4. Nxd4 Nf6 5. Nc3 Nc6 6. Be2 g6 7. O-O Bg7 8. Be3 O-O 9. Qd2 Ng4 10. Bxg4 Bxg4 11. f3 Bd7 12. Nxc6 bxc6 13. Bd4 Bxd4+ 14. Qxd4 Qb6 15. Qxb6 axb6 16. a4 f6 17. Rad1 Kf7 18. Rd2 g5 19. Kf2 h5 20. Re1 h4 21. b3 Rfc8 22. Nd1 b5 23. axb5 cxb5 24. Ne3 Be6 25. Rd4 Rc5 26. Re2 Ra2 27. Red2 Kg6 28. Re2 Kf7 29. Red2 Ra1 30. Rd1 Ra8 31. R1d2 Rac8 32. Re2 Ke8 33. Red2 Kd7 34. Re2 R8c7 35. Red2 Ra7 36. Re2 Ra2 37. Red2 Rc3 38. Ke2 Kc7 39. R4d3 Rc5 40. Kf2 Kb6 41. Re2 Rc8 42. Rdd2 Rc3 43. Nd1 Rc7 44. Ne3 Rca7 45. Rd1 Kc5 46. Rdd2 Rb2 47. Rd1 Rba2 48. Rdd2 Ra1 49. Rd3 Kb6 50. h3 Rc7 51. Rdd2 Rc1 52. Rd3 Ka5 53. Rd4 Ra1 54. Red2 Ka6 55. Re2 Ra2 56. Red2 Rc5 57. Re2 Kb7 58. Red2 Kc8 59. Re2 Kd7 60. Red2 Ke8 61. Re2 Ra1 62. Red2 Rc6 63. Re2 Rca6 64. Red2 Kd7 65. Re2 R6a2 66. Red2 Rb1 67. Re2 Rbb2 68. Rd3 Bf7 69. Rc3 Bg8 70. Nd1 Rb1 71. Ne3 Be6 72. Rd3 Raa1 73. Rd4 Kc6 74. Rd3 b4 75. Rdd2 Kc5 76. Rd3 Rc1 77. Rdd2 Bc8 78. Rd5+ Kc6 79. Rd4 Ba6 80. Red2 Kc5 81. Rd5+ Kc6 82. R5d4 1/2-1/2

[Event "Tch (Men) 2005/2006 CZE"]
[Site "?"]
[Date "2006.03.26"]
[Round "11"]
[White "Hracek Zbynek"]
[Black "Stocek Jiri"]
[Result "1/2-1/2"]
[WhiteElo "2595"]
[BlackElo "2580"]
[PlyCount "55"]
[EventDate "2006.??.??"]
[Source "www.chesslib.no"]
[SourceDate "2004.05.04"]

1. e4 c5 2. Nf3 d6 3. d4 cxd4 4. Nxd4 Nf6 5. Nc3 g6 6. Be2 Bg7 7. O-O O-O 8. Be3 Nc6 9. Qd2 Bd7 10. Rfd1 Rc8 11. a4 Ne5 12. f3 a6 13. a5 e6 14. Nb3 d5 15. Bd4 Nc4 16. Bxc4 dxc4 17. Nc5 Bc6 18. Qe2 Qc7 19. Qxc4 Rfd8 20. Nb3 h5 21. Bb6 Rxd1+ 22. Rxd1 Qf4 23. Qe2 Nd7 24. Bd4 Ne5 25. Qd2 Qh4 26. Qf2 Qe7 27. Nc5 Rd8 28. Nb3 1/2-1/2

[Event "Leon"]
[Site "?"]
[Date "1992.??.??"]
[Round "?"]
[White "Illescas Cordoba, M."]
[Black "Gulko, B."]
[Result "0-1"]
[WhiteElo "2555"]
[BlackElo "2560"]
[PlyCount "108"]
[EventDate "1992.??.??"]
[Source "ChessBase"]
[SourceDate "1992.02.01"]

1. e4 c5 2. Nf3 Nc6 3. d4 cxd4 4. Nxd4 Nf6 5. Nc3 d6 6. Be2 g6 7. O-O Bg7 8. Be3 O-O 9. Qd2 Bd7 10. f4 Nxd4 11. Bxd4 Bc6 12. Bf3 e5 13. fxe5 dxe5 14. Be3 Qxd2 15. Bxd2 Rfd8 16. Rad1 Rd4 17. Bg5 h6 18. Bxf6 Bxf6 19. Rxd4 exd4 20. Nd5 Bg5 21. Rd1 Rc8 22. Rxd4 Bxd5 23. Rxd5 Rxc2 24. Rd7 Rxb2 25. e5 Rxa2 26. Bd5 Be3+ 27. Kf1 Rf2+ 28. Ke1 b5 29. g4 Rf4 30. Rd8+ Kg7 31. Rd7 Kf8 32. Rd8+ Ke7 33. Rb8 Bb6 34. Rb7+ Ke8 35. Rb8+ Kd7 36. Rb7+ Kc8 37. Rxf7 Rxf7 38. Bxf7 g5 39. Be8 a6 40. e6 Bd8 41. e7 Bxe7 42. Ke2 Kc7 43. Kd3 Kd6 44. Bg6 Kc5 45. Bf5 Kb4 46. Bc8 a5 47. Bd7 Bd6 48. Kc2 Bxh2 49. Be8 a4 50. Bd7 Be5 51. Be8 Ka5 52. Bc6 b4 53. Kd3 b3 54. Kc4 h5 0-1

[Event "TCh-SCG"]
[Site "Petrovac"]
[Date "2004.05.19"]
[Round "4"]
[White "Nevednichy, Vladislav"]
[Black "Markovic, Miroslav"]
[Result "1/2-1/2"]
[WhiteElo "2544"]
[BlackElo "2550"]
[PlyCount "57"]
[EventDate "2004.05.16"]
[Source "Roberto Alvarez"]
[SourceDate "2004.05.24"]

1. e4 c5 2. Nf3 d6 3. d4 cxd4 4. Nxd4 Nf6 5. Nc3 g6 6. Be2 Nc6 7. Be3 Bg7 8. Qd2 O-O 9. O-O Nxd4 10. Bxd4 Be6 11. Rfd1 a6 12. a4 Rc8 13. a5 Nd7 14. Bxg7 Kxg7 15. Nd5 Kg8 16. Ra3 Bxd5 17. exd5 Nf6 18. c4 b6 19. Rda1 Rb8 20. b4 bxa5 21. Rxa5 Qb6 22. c5 Qxb4 23. Qxb4 Rxb4 24. cxd6 exd6 25. Rxa6 Rfb8 26. g3 Rb1+ 27. Rxb1 Rxb1+ 28. Kg2 Nxd5 29. Rxd6 1/2-1/2

[Event "Cappelle la Grande"]
[Site "?"]
[Date "2000.??.??"]
[Round "?"]
[White "Perez, Rod"]
[Black "Tregubov, P."]
[Result "0-1"]
[WhiteElo "2470"]
[BlackElo "2615"]
[PlyCount "74"]
[EventDate "2000.??.??"]
[Source "Chess Informant"]
[SourceDate "2000.02.01"]

1. e4 c5 2. Nf3 d6 3. d4 cxd4 4. Nxd4 Nf6 5. Nc3 g6 6. Be3 Bg7 7. Be2 O-O 8. O-O Nc6 9. Qd2 Ng4 10. Bxg4 Bxg4 11. Nxc6 bxc6 12. Bh6 Bxh6 13. Qxh6 Qb6 14. Rab1 e5 15. Kh1 Be6 16. f4 f5 17. fxe5 dxe5 18. exf5 Bxf5 19. Qd2 Qd4 20. Qe2 Bg4 21. Qe4 Qxe4 22. Nxe4 Bf5 23. Rfe1 Rad8 24. h3 Rd4 25. Ng5 Rd2 26. Rbc1 Rxc2 27. Rxc2 Bxc2 28. Rxe5 Bb1 29. a3 Ba2 30. Kg1 Bc4 31. Re7 Rf1+ 32. Kh2 Rf2 33. Nxh7 Bd5 34. Kg3 Rxg2+ 35. Kf4 Rf2+ 36. Kg5 Bf7 37. Kh6 Rf4 0-1

[Event "Linares Anibal op 3rd"]
[Site "Linares"]
[Date "1996.??.??"]
[Round "?"]
[White "Fernandez Garcia, Jose Luis"]
[Black "Hodgson, Julian M"]
[Result "0-1"]
[WhiteElo "2465"]
[BlackElo "2615"]
[PlyCount "90"]
[EventDate "1996.01.??"]
[Source "ChessBase"]

1. e4 c5 2. Nf3 d6 3. d4 cxd4 4. Nxd4 Nf6 5. Nc3 g6 6. Be2 Bg7 7. O-O O-O 8. Be3 Nc6 9. f4 Bd7 10. Nb3 Rc8 11. Kh1 a6 12. a4 Be6 13. Nd4 Bd7 14. Nb3 Be6 15. Nd4 Nxd4 16. Bxd4 Qa5 17. f5 Bc4 18. Bd3 Nd7 19. Bxg7 Kxg7 20. Qe2 Qb4 21. Bxc4 Qxc4 22. Qe3 Qc5 23. Qd2 Nf6 24. Rf3 Qe5 25. Rh3 h5 26. Rf1 Rc4 27. Rhf3 Ng4 28. Rf4 Rd4 29. Qc1 Nxh2 30. Kxh2 g5 31. g3 gxf4 32. gxf4 Qf6 33. Qe1 Rg8 34. Nd5 Rd2+ 35. Kh1 Rxd5 36. exd5 Kf8 37. Rg1 Rxg1+ 38. Kxg1 Qd4+ 39. Qf2 Qxd5 40. f6 Qc5 41. Qxc5 dxc5 42. Kg2 exf6 43. Kg3 Ke7 44. Kh4 Ke6 45. Kxh5 Kf5 0-1

[Event "Tiraspol"]
[Site "Tiraspol"]
[Date "1994.??.??"]
[Round "3"]
[White "Geller, Efim P"]
[Black "Arbakov, Valentin"]
[Result "1/2-1/2"]
[WhiteElo "2490"]
[BlackElo "2575"]
[PlyCount "94"]
[EventDate "1994.01.??"]
[Source "ChessBase"]

1. e4 c5 2. Nf3 d6 3. d4 cxd4 4. Nxd4 Nf6 5. Nc3 Nc6 6. Be2 g6 7. Be3 Bg7 8. O-O O-O 9. Qd2 Nxd4 10. Bxd4 Be6 11. Rfe1 Qa5 12. Rad1 Rfc8 13. Bf1 a6 14. Nd5 Qxd2 15. Rxd2 Bxd5 16. exd5 Kf8 17. c4 b5 18. b3 bxc4 19. Bxc4 Ne8 20. Bxg7+ Nxg7 21. g4 Ra7 22. Re3 Ne8 23. Rd4 Nf6 24. g5 Nh5 25. Be2 Ng7 26. Rg3 Rc1+ 27. Kg2 Rc2 28. Bg4 Kg8 29. Rb4 Ra8 30. Re3 Rxa2 31. Rxe7 Rd2 32. Rbb7 Rf8 33. Be6 Nxe6 34. dxe6 Rd5 35. h4 Re5 36. exf7+ Kg7 37. Red7 a5 38. Rxd6 Rxf7 39. Rxf7+ Kxf7 40. Rd7+ Kg8 41. Rb7 Re4 42. Kg3 a4 43. f3 Rd4 44. bxa4 Rxa4 45. Re7 Rb4 46. Re4 Rb5 47. Kg4 h6 1/2-1/2

[Event "Beograd"]
[Site "?"]
[Date "1988.??.??"]
[Round "?"]
[White "Psakhis, L."]
[Black "Ubilava, E."]
[Result "1-0"]
[WhiteElo "2560"]
[BlackElo "2500"]
[PlyCount "99"]
[EventDate "1988.??.??"]
[Source "ChessBase"]
[SourceDate "1988.07.01"]

1. e4 c5 2. Nf3 d6 3. d4 cxd4 4. Nxd4 Nf6 5. Nc3 a6 6. Be2 g6 7. O-O Bg7 8. Be3 O-O 9. Qd2 Nc6 10. Rad1 Ng4 11. Bxg4 Bxg4 12. f3 Be6 13. Nd5 Rc8 14. Nxe6 fxe6 15. Nb6 Rc7 16. c4 Ne5 17. Qb4 Rc6 18. a4 Qc7 19. b3 Nd7 20. a5 Nxb6 21. Bxb6 Qc8 22. Qd2 Qe8 23. Qd3 Qf7 24. f4 Bb2 25. Rb1 Bg7 26. Rf3 Qf6 27. Kh1 Kh8 28. h3 Qf7 29. Rbf1 Qe8 30. b4 Rc8 31. b5 Qd7 32. bxa6 bxa6 33. c5 Qb7 34. cxd6 exd6 35. Rb1 Qa8 36. Bd4 e5 37. fxe5 Rxf3 38. Qxf3 dxe5 39. Bg1 Qc6 40. Qd3 h5 41. Rb6 Qc1 42. Rxg6 Rc6 43. Rg3 Qh6 44. Qd8+ Kh7 45. Be3 Qe6 46. Qh4 Qf7 47. Rg5 Rc2 48. Rxh5+ Kg8 49. Rf5 Qg6 50. Rg5 1-0

[Event "Moscow2"]
[Site "Moscow"]
[Date "1995.??.??"]
[Round "?"]
[White "Geller, Efim P"]
[Black "Serper, Grigory"]
[Result "0-1"]
[WhiteElo "2465"]
[BlackElo "2585"]
[PlyCount "66"]
[EventDate "1995.04.??"]
[Source "ChessBase"]

1. e4 c5 2. Nf3 d6 3. d4 cxd4 4. Nxd4 Nf6 5. Nc3 Nc6 6. Be2 g6 7. Be3 Bg7 8. O-O O-O 9. Qd2 Bd7 10. Rad1 Rc8 11. f4 a6 12. Kh1 b5 13. Bf3 Qc7 14. Nb3 b4 15. Nd5 Nxd5 16. exd5 Na5 17. Bd4 Nc4 18. Qxb4 Bxd4 19. Nxd4 Ne3 20. Qd2 Nxf1 21. Rxf1 Qc4 22. Re1 Qxa2 23. b3 Rfe8 24. h3 Qb2 25. Re3 a5 26. Bg4 Bxg4 27. hxg4 a4 28. bxa4 Rc4 29. Nc6 Rxc2 30. Qd4 Qxd4 31. Nxd4 Rc4 32. Nc6 Rxa4 33. f5 Kf8 0-1

[Event "Gawlikowski mem 18th"]
[Site "?"]
[Date "1999.??.??"]
[Round "?"]
[White "Kolesnik Eduard"]
[Black "Ivanchuk Vassily"]
[Result "0-1"]
[WhiteElo "2330"]
[BlackElo "2714"]
[PlyCount "76"]
[EventDate "1999.??.??"]
[Source "www.chesslib.no"]
[SourceDate "2004.05.04"]

1. e4 c5 2. Ne2 Nc6 3. Nbc3 Nf6 4. d4 cxd4 5. Nxd4 d6 6. Be2 g6 7. O-O Bg7 8. Be3 O-O 9. Qd2 Bd7 10. Rad1 a6 11. f3 Rc8 12. Nxc6 Bxc6 13. Nd5 Nxd5 14. exd5 Ba4 15. Bd3 Qd7 16. Rb1 Bb5 17. c3 Bc4 18. Bxc4 Rxc4 19. Rbd1 b5 20. Rfe1 Rfc8 21. a3 a5 22. Bg5 Be5 23. f4 Bf6 24. Bxf6 exf6 25. g3 b4 26. axb4 axb4 27. cxb4 Rc2 28. Qd4 Kg7 29. Rd2 h5 30. Rxc2 Rxc2 31. Rd1 Qg4 32. Rd2 Rc1+ 33. Kg2 h4 34. Qd3 h3+ 35. Kf2 Rh1 36. Ke3 Rxh2 37. b5 Qxg3+ 38. Ke4 Qe1+ 0-1

[Event "Korinthos op 3rd"]
[Site "Korinthos"]
[Date "1999.07.28"]
[Round "5"]
[White "Gelashvili, Tamaz"]
[Black "Vouldis, Angelos"]
[Result "1/2-1/2"]
[WhiteElo "2531"]
[BlackElo "2496"]
[PlyCount "120"]
[EventDate "1999.07.27"]
[Source "www.chesslib.no"]
[SourceDate "2004.05.04"]

1. e4 c5 2. Nf3 d6 3. d4 cxd4 4. Nxd4 Nf6 5. Nc3 g6 6. Be2 Bg7 7. Be3 O-O 8. O-O Nc6 9. Qd2 a6 10. f4 Bd7 11. Rad1 Ng4 12. Bxg4 Bxg4 13. Rde1 Bd7 14. Nd5 e6 15. Nc3 Ne7 16. Rd1 b5 17. a3 Rc8 18. Nde2 d5 19. exd5 Nxd5 20. Nxd5 exd5 21. Bd4 Bg4 22. Bxg7 Kxg7 23. h3 Qb6+ 24. Kh1 Bxe2 25. Qxe2 Rfe8 26. Qd2 Qe3 27. c3 Rcd8 28. f5 Qxd2 29. Rxd2 Rd6 30. fxg6 hxg6 31. Rf4 Re5 32. g4 Rf6 33. Rxf6 Kxf6 34. Kg2 Re1 35. h4 Re4 36. Kf3 Ke5 37. Rh2 f5 38. gxf5 Kxf5 39. h5 Re7 40. hxg6 Kxg6 41. Rh8 Re1 42. Ra8 Rb1 43. Rxa6+ Kf5 44. b4 d4 45. cxd4 Rb3+ 46. Ke2 Ke4 47. Kd2 Kxd4 48. Kc2 Rh3 49. Rd6+ Kc4 50. Rc6+ Kd4 51. Kb2 Rh2+ 52. Rc2 Rxc2+ 53. Kxc2 Kc4 54. Kb2 Kd5 55. Kc3 Kc6 56. Kc2 Kd6 57. Kd2 Kd5 58. Kd3 Ke5 59. Kc2 Kd6 60. Kb3 Kc7 1/2-1/2

[Event "II Open internazionale"]
[Site "Lugano SVI"]
[Date "2008.03.14"]
[Round "3.3"]
[White "Guliyev, Namig"]
[Black "Belezky, Alexander"]
[Result "0-1"]
[WhiteElo "2570"]
[BlackElo "2449"]
[PlyCount "80"]
[EventDate "2008.03.13"]
[Source "www.chesslib.no"]
[SourceDate "2004.05.04"]

1. e4 c5 2. Nf3 d6 3. d4 cxd4 4. Nxd4 Nf6 5. Nc3 g6 6. Be2 Bg7 7. O-O O-O 8. Be3 Nc6 9. Qd2 d5 10. exd5 Nxd5 11. Nxc6 bxc6 12. Rad1 Qc7 13. Bd4 e5 14. Bc5 Rd8 15. Ne4 f5 16. Ng3 Be6 17. c4 Nf4 18. Bd6 Qf7 19. b3 Bf8 20. Qb4 Qd7 21. c5 Nd5 22. Rxd5 Bxd5 23. Bxe5 Bxg2 24. Rd1 Bd5 25. Ba6 Qe7 26. Qf4 Bh6 27. Qd4 Bg7 28. Re1 Bxe5 29. Rxe5 Qf7 30. Nf1 Re8 31. Ne3 Rxe5 32. Qxe5 Re8 33. Qc3 Qe7 34. Nxd5 Qe1+ 35. Bf1 cxd5 36. Qc2 Re4 37. h3 Rd4 38. Qe2 Qxe2 39. Bxe2 Kf7 40. Kf1 Rd2 0-1

[Event "Asia-ch"]
[Site "Udaipur"]
[Date "2000.01.10"]
[Round "1"]
[White "Ganguly, Surya Shekhar"]
[Black "Wang Zili"]
[Result "0-1"]
[WhiteElo "2440"]
[BlackElo "2571"]
[PlyCount "66"]
[EventDate "2000.01.10"]
[Source "www.chesslib.no"]
[SourceDate "2004.05.04"]

1. e4 c5 2. Nf3 d6 3. d4 cxd4 4. Nxd4 Nf6 5. Nc3 Nc6 6. Be2 g6 7. O-O Bg7 8. Be3 O-O 9. f4 Bd7 10. Bf3 Qc8 11. h3 Rd8 12. Qe2 Nxd4 13. Bxd4 Be6 14. Qe3 a6 15. Rad1 Nd7 16. Bxg7 Kxg7 17. Be2 f6 18. Nd5 Bxd5 19. exd5 Qc5 20. Rd4 Re8 21. Re4 Qxe3+ 22. Rxe3 b5 23. Re1 Nb6 24. Bf3 Kf8 25. R3e2 Rac8 26. g3 Rc5 27. Rd1 b4 28. a3 bxa3 29. bxa3 Rc3 30. Rd3 Rec8 31. Kf2 Rxc2 32. Rb3 Nd7 33. Rb7 R8c7 0-1

[Event "Open"]
[Site "Kavala GRE"]
[Date "2007.08.11"]
[Round "8"]
[White "Kolev, At1"]
[Black "Margvelashvili, G."]
[Result "1/2-1/2"]
[WhiteElo "2569"]
[BlackElo "2435"]
[PlyCount "63"]
[EventDate "2007.08.05"]
[Source "www.chesslib.no"]
[SourceDate "2004.05.04"]

1. e4 c5 2. Nf3 d6 3. d4 cxd4 4. Nxd4 Nf6 5. Nc3 g6 6. Be2 Bg7 7. O-O O-O 8. Be3 Nc6 9. Qd2 Ng4 10. Bxg4 Bxg4 11. Nd5 Rc8 12. c4 a6 13. Rac1 Nxd4 14. Bxd4 Bxd4 15. Qxd4 Be6 16. b4 Bxd5 17. exd5 Qd7 18. Rfe1 Rc7 19. h4 h5 20. Re4 Rfc8 21. a3 Qa4 22. Qe3 a5 23. g4 axb4 24. gxh5 Qxa3 25. Qg5 Qf3 26. Rg4 Qf6 27. Qe3 Qe5 28. Qh6 Qh8 29. Qg5 Qe5 30. Qh6 Qh8 31. Qg5 Qe5 32. Qh6 1/2-1/2

[Event "Cergy"]
[Site "?"]
[Date "2003.03.23"]
[Round "9"]
[White "Gouliev Namig"]
[Black "Hamdouchi Hichem"]
[Result "1/2-1/2"]
[WhiteElo "2387"]
[BlackElo "2615"]
[PlyCount "130"]
[EventDate "2003.??.??"]
[Source "www.chesslib.no"]
[SourceDate "2004.05.04"]

1. e4 c5 2. Nf3 d6 3. d4 Nf6 4. Nc3 cxd4 5. Nxd4 Nc6 6. Be2 g6 7. O-O Bg7 8. Be3 O-O 9. Qd2 Bd7 10. f4 Rc8 11. Rad1 Na5 12. Kh1 a6 13. e5 Ne8 14. Nf3 Be6 15. b3 Nc6 16. Ng5 dxe5 17. Nxe6 Qxd2 18. Bxd2 fxe6 19. Bc4 Nc7 20. Ne4 b5 21. Be2 exf4 22. Bxf4 Nd5 23. Bd2 Nd4 24. Rxf8+ Kxf8 25. Bd3 h6 26. c4 bxc4 27. Bxc4 Rc6 28. Bxh6 Bxh6 29. Rxd4 Ne3 30. g3 Ke8 31. Nf2 e5 32. Rh4 Bg5 33. Re4 Rd6 34. Rxe5 Rd2 35. Rxg5 Rxf2 36. Rxg6 Nxc4 37. bxc4 Rxa2 38. c5 Kf7 39. Rb6 e5 40. c6 e4 41. c7 Rc2 42. Rxa6 Rxc7 43. Ra4 Rc1+ 44. Kg2 Rc2+ 45. Kh3 Re2 46. g4 e3 47. Re4 Kg6 48. Kg3 Re1 49. h4 e2 50. Kf2 Rh1 51. h5+ Kg5 52. Kxe2 Rh3 53. Kf2 Ra3 54. Re3 Ra4 55. Re8 Kxg4 56. h6 Ra2+ 57. Kg1 Ra1+ 58. Kg2 Ra2+ 59. Kg1 Ra1+ 60. Kf2 Ra2+ 61. Ke3 Rh2 62. Rg8+ Kf5 63. Rh8 Kg6 64. Rg8+ Kh7 65. Rg7+ Kxh6 1/2-1/2

[Event "Ljubljana op"]
[Site "Ljubljana"]
[Date "1996.??.??"]
[Round "8"]
[White "Podlesnik, Bogdan"]
[Black "Savchenko, Stanislav"]
[Result "1/2-1/2"]
[WhiteElo "2410"]
[BlackElo "2585"]
[PlyCount "95"]
[EventDate "1996.??.??"]
[Source "ChessBase"]

1. e4 c5 2. Nf3 d6 3. d4 cxd4 4. Nxd4 Nf6 5. Nc3 g6 6. Be2 Bg7 7. O-O Nc6 8. Be3 O-O 9. f4 Qb6 10. Qd3 Ng4 11. Bxg4 Bxd4 12. Bxd4 Qxd4+ 13. Qxd4 Nxd4 14. Bd1 Be6 15. Rf2 Rac8 16. Rd2 Rc4 17. Kf2 Rfc8 18. a3 Kg7 19. Rc1 a6 20. Ke3 Nc6 21. Be2 Na5 22. Nd5 f5 23. exf5 gxf5 24. Nc3 R4c5 25. Kf2 Nc4 26. Bxc4 Bxc4 27. Re1 R5c7 28. Ne2 Bxe2 29. Rexe2 Kf6 30. c3 Rc4 31. Kf3 R8c6 32. Re3 e6 33. Red3 d5 34. Rd4 b5 35. Ke3 Rc7 36. Rxc4 bxc4 37. Kd4 h5 38. Rf2 Rc8 39. Rd2 a5 40. a4 Rc7 41. Rf2 Rc8 42. Rd2 Ke7 43. Ke5 Rg8 44. Rf2 h4 45. Rd2 Rb8 46. Rf2 Rh8 47. Rd2 Rd8 48. Rd4 1/2-1/2

[Event "Open"]
[Site "Metz op"]
[Date "1985.??.??"]
[Round "?"]
[White "Westerinen, Heikki M J"]
[Black "Miles, Anthony J"]
[Result "0-1"]
[WhiteElo "2420"]
[BlackElo "2570"]
[PlyCount "112"]
[EventDate "1985.??.??"]
[Source "www.chesslib.no"]
[SourceDate "2004.05.04"]

1. e4 c5 2. Nf3 d6 3. Nc3 Nc6 4. d4 cxd4 5. Nxd4 g6 6. Be2 Bg7 7. Be3 Nf6 8. O-O O-O 9. f4 Qb6 10. Na4 Qb4 11. c3 Qa5 12. b4 Qc7 13. Bf3 Bd7 14. Rc1 Rac8 15. a3 Qb8 16. Nb2 Nxd4 17. cxd4 Rxc1 18. Qxc1 Ng4 19. Bxg4 Bxg4 20. Qd2 d5 21. e5 Rc8 22. Rc1 Bf5 23. Nd1 Rxc1 24. Qxc1 Qe8 25. Nb2 Qb5 26. Kf2 Bf8 27. Qc5 Qa6 28. Qc3 Be4 29. a4 Qe6 30. Bd2 Qg4 31. Qg3 Qd7 32. Qc3 h5 33. h3 h4 34. b5 Bh6 35. Kg1 Qf5 36. Qc1 b6 37. Nd1 Bd3 38. Nf2 Bc4 39. Ng4 Bf8 40. Be1 Qd3 41. Qe3 Qxe3+ 42. Nxe3 Bb3 43. a5 bxa5 44. Bxa5 Bh6 45. Kf2 Bxf4 46. Bb4 Bg3+ 47. Kf3 f5 48. Nf1 Bd1+ 49. Ke3 f4+ 50. Kd2 Ba4 51. Nxg3 hxg3 52. Ke1 Kf7 53. Bc5 Bxb5 54. Bxa7 g5 55. Bb6 e6 56. Bd8 Kg6 0-1

[Event "CRO-chT"]
[Site "Medulin"]
[Date "2002.09.12"]
[Round "4"]
[White "Zelcic, Robert"]
[Black "Feletar, Darko"]
[Result "1/2-1/2"]
[WhiteElo "2565"]
[BlackElo "2420"]
[PlyCount "145"]
[EventDate "2002.09.09"]
[Source "ChessBase"]
[SourceDate "2002.11.06"]

1. e4 c5 2. Nf3 d6 3. d4 Nf6 4. Nc3 cxd4 5. Nxd4 Nc6 6. Be2 g6 7. O-O Bg7 8. Be3 O-O 9. Qd2 Bd7 10. Rad1 a6 11. Kh1 Rc8 12. f4 b5 13. a3 Qc7 14. Qe1 Qb8 15. Qg3 Na5 16. e5 Rxc3 17. exf6 Rxe3 18. Qxe3 Bxf6 19. c3 Rc8 20. f5 Nc4 21. Qc1 Qb6 22. Rd3 Qd8 23. Rg3 Rc5 24. Bd3 Qf8 25. Nb3 Rc7 26. Nd2 Nxd2 27. Qxd2 Rc5 28. Qc2 Qe8 29. Qe2 Kg7 30. Qe3 Kg8 31. Rh3 Qf8 32. Rhf3 Qd8 33. Qf2 Kg7 34. h3 Bc6 35. Rf4 Bd7 36. Rd1 Qc8 37. Rf1 Qd8 38. Bc2 Bc6 39. Rd1 Qc7 40. Rf1 Qd8 41. Qd2 Qc7 42. Bb3 Bd7 43. Bc2 Bc6 44. Rd1 Bg5 45. Qd4+ Bf6 46. Qf2 Bd7 47. Bb1 Qc8 48. fxg6 hxg6 49. Rxf6 exf6 50. Rxd6 Bf5 51. Ba2 Rc6 52. Rd4 Be6 53. Bb1 Rc4 54. Be4 Qc7 55. Kg1 Rc5 56. Bf3 Rg5 57. Qh4 Qc5 58. Kh1 Qc7 59. a4 bxa4 60. Rxa4 a5 61. Rd4 Qc8 62. Rd2 Qc7 63. Qd4 Qg3 64. Qf2 Qc7 65. Rd4 Qc8 66. Rh4 Qc7 67. Rd4 Qc8 68. h4 Rc5 69. Qd2 Qc7 70. Rd6 Rc4 71. Rd4 Rc5 72. Rd6 Rc4 73. Rd4 1/2-1/2

[Event "New York op"]
[Site "New York"]
[Date "1987.??.??"]
[Round "?"]
[White "Barua, Dibyendu"]
[Black "Gurevich, Dmitry"]
[Result "1-0"]
[WhiteElo "2450"]
[BlackElo "2535"]
[PlyCount "105"]
[EventDate "1987.04.??"]
[Source "ChessBase"]

1. e4 c5 2. Nf3 d6 3. d4 cxd4 4. Nxd4 Nf6 5. Nc3 Nc6 6. Be2 g6 7. O-O Bg7 8. Be3 O-O 9. f4 Bg4 10. Nxc6 Bxe2 11. Nxe7+ Qxe7 12. Qxe2 Rfe8 13. Qd3 Nxe4 14. Nd5 Qd7 15. f5 Re5 16. f6 Bf8 17. c4 b6 18. Bf4 Re6 19. Qd4 Rae8 20. b4 h6 21. h4 Qd8 22. Bh2 a6 23. Rae1 h5 24. Nf4 Nc5 25. Nxe6 Nxe6 26. Qd5 Qd7 27. Rd1 Qa4 28. b5 axb5 29. Qxb5 Qxb5 30. cxb5 Rd8 31. Rd5 Nc7 32. Rd3 Nxb5 33. Rb1 Na7 34. Rxb6 d5 35. Rb8 Rxb8 36. Bxb8 Nc6 37. Bg3 d4 38. Kf1 Bc5 39. Rd1 Nb4 40. Bf2 Nxa2 41. Bxd4 Bd6 42. Bb2 Bc5 43. Rd5 Bb6 44. Rb5 Bc7 45. Be5 Bxe5 46. Rxe5 Nc3 47. Ke1 Na4 48. Re8+ Kh7 49. Rf8 Nc5 50. Rxf7+ Kh6 51. Re7 Nd3+ 52. Kd2 Nb2 53. Re8 1-0

[Event "London NWYM"]
[Site "London ENG"]
[Date "1989.??.??"]
[Round "?"]
[White "Barua, Dibyendu"]
[Black "Watson, William N"]
[Result "1/2-1/2"]
[WhiteElo "2480"]
[BlackElo "2505"]
[PlyCount "28"]
[EventDate "1989.??.??"]
[Source "www.chesslib.no"]
[SourceDate "2004.05.04"]

1. e4 c5 2. Nf3 d6 3. d4 cxd4 4. Nxd4 Nf6 5. Nc3 g6 6. Be2 Bg7 7. O-O O-O 8. Be3 Nc6 9. Qd2 d5 10. Nxc6 bxc6 11. Rad1 Qc7 12. exd5 cxd5 13. Nxd5 Nxd5 14. Qxd5 Be6 1/2-1/2

[Event "Nova Gorica op"]
[Site "Nova Gorica"]
[Date "1997.??.??"]
[Round "6"]
[White "Zelcic, Robert"]
[Black "Delchev, Aleksander"]
[Result "1-0"]
[WhiteElo "2455"]
[BlackElo "2515"]
[PlyCount "131"]
[EventDate "1997.01.??"]
[Source "www.chesslib.no"]
[SourceDate "2004.05.04"]

1. e4 c5 2. Nf3 d6 3. d4 cxd4 4. Nxd4 Nf6 5. Nc3 Nc6 6. Be2 g6 7. O-O Bg7 8. Be3 O-O 9. Qd2 Ng4 10. Bxg4 Bxg4 11. Nxc6 bxc6 12. Bh6 Bxh6 13. Qxh6 Qb6 14. Rab1 Be6 15. Qh4 f6 16. Kh1 Rab8 17. f4 Qa5 18. Qg3 Kh8 19. Qe3 Qb6 20. Qd2 Qc5 21. b3 Rb4 22. Qe1 Rd4 23. Rc1 d5 24. e5 Bf5 25. Na4 Qa3 26. Qf2 Rb4 27. c3 Rb5 28. Qxa7 Bd3 29. Rg1 fxe5 30. c4 dxc4 31. bxc4 Rb4 32. Rc3 Qxa4 33. Qxe7 Rbb8 34. Qxe5+ Kg8 35. Rxd3 Rbe8 36. Qc3 Qa7 37. Rf1 Re4 38. f5 Qf7 39. f6 Rxc4 40. Qd2 Rc5 41. h3 Rd5 42. a4 Rxd3 43. Qxd3 Qd5 44. Qc3 c5 45. a5 Qd4 46. Qf3 c4 47. f7+ Kg7 48. a6 h5 49. Rd1 Qa7 50. Qc3+ Kh7 51. Qxc4 Rxf7 52. Rb1 Kh6 53. Qc1+ Kh7 54. Qc6 Kh6 55. Qe8 Qf2 56. Qh8+ Rh7 57. Qb2 Qxb2 58. Rxb2 Ra7 59. Ra2 Kg5 60. Ra4 Kf5 61. Kh2 g5 62. Kg3 Ke5 63. Ra5+ Kf6 64. h4 gxh4+ 65. Kxh4 Kg6 66. g3 1-0

[Event "Tarjeta Canaria op"]
[Site "?"]
[Date "1987.??.??"]
[Round "9"]
[White "Illescas"]
[Black "Martin, A."]
[Result "1/2-1/2"]
[WhiteElo "2505"]
[BlackElo "2465"]
[PlyCount "33"]
[EventDate "1987.??.??"]
[Source "www.chesslib.no"]
[SourceDate "2004.05.04"]

1. e4 c5 2. Nf3 d6 3. d4 cxd4 4. Nxd4 Nf6 5. Nc3 g6 6. Be3 Bg7 7. Be2 O-O 8. O-O Nc6 9. Qd2 Ng4 10. Bxg4 Bxg4 11. Nd5 Be6 12. c4 Rc8 13. Rac1 Bxd5 14. cxd5 Nxd4 15. Bxd4 Bxd4 16. Qxd4 Qa5 17. a3 1/2-1/2